Estatísticas para Maine

Clique aqui para jogar o quiz

Estatísticas Gerais

  • Esse quiz foi jogado 2 vezes
  • A pontuação média é 5 de 15

Estatísticas das Respostas

Resposta% Correto
Abelha
100%
Gato
100%
Maçã
100%
Salmão
100%
Alce
50%
Augusta
0%
Bass Harbor Head Lighthouse
0%
Baxter State Park
0%
Cadillac Mountain
0%
Farol de Portland
0%
Mount Katahdin
0%
Portland
0%
Portland Art Museum
0%
Sunday River Resort
0%
Turmalina
0%

Distribuição das Pontuações

Percentil de Números Respondidos

Porcentagem de Pessoas com Cada Pontuação

Sua Pontuação Histórica

Você não jogou esse quiz